| 000 | 00417nam a2200133Ia 4500 | ||
|---|---|---|---|
| 005 | 20260325234755.0 | ||
| 008 | 260325s9999||||xx |||||||||||||| ||und|| | ||
| 082 | _a720.53 | ||
| 100 | _aPlazola Anguiano, Guillermo | ||
| 245 | 0 |
_a2da muestra Internacional de Interiorismo Contemporáneo (Bienal México 2003) / _cGuillermo Plazola Anguiano |
|
| 260 | _bPlazola Editores | ||
| 650 | _aARQUITECTURA REGIONAL | ||
| 942 | _cBK | ||
| 999 |
_c6279 _d6279 |
||